000
00222nam a22001217a 4500
020
_a
9780138207208
041
_a
eng
080
_a
30
090
_b
GOO
100
_a
Goode, Erich.
245
_a
Sociology.
999
_c
282049
_d
282049
942
_c
BK